000 01441nam0a22003131 4500
001 rc\3029510
005 20250805160813.4
035 _a(NLR Aleph) 007170528
090 _a7341420
_c7341420
100 _a20110930d1945 |||y0rusy50 ca
101 0 _arus
102 _aRU
105 _aa z |||||
200 1 _aПроект № 60 одноэтажного шлакобетонного жилого дома из двух однокомнатных квартир
_fРазраб. Гос. архитектур. мастерскими
_g[Рек. Ком. по делам архитектуры при СНК СССР]
210 _a[Москва]
_cГос. архитектур. изд-во
_d1945
_gтип. Высш. парт. школы при ЦК ВКП(б)
215 _a27 с.
_cчерт.
_d28 см
300 _aНа 2-й с. обл. указаны авторы: арх.-худож. Ю.В. Щуко, арх. С.А. Козлов, арх. П.Н. Аранович
300 _aБез тит. л.
701 1 _aЩуко
_bЮ. В.
701 1 _aКозлов
_bС. А.
701 1 _aАранович
_bП. Н.
712 0 1 _aСССР
_bКомитет по делам архитектуры
_3RU\NLR\AUTH\8810139338
_4570
801 0 _aRU
_bNLR
_gpsbo
801 1 _aRU
_bELAR
_2rusmarc
852 _aNLR
_jТ80 Г-8/216
942 _cBOOK
945 _aРоссийская национальная библиотека
980 _aNB
980 _aBV